00577nam a22001817a 450000500170000001000140001702000260003103500170005703700190007408200060009310000200009924501160011926000330023527000370026830000340030549000250033970000310036420171117113448.0 a1718CH-EN a9789351036401c295.00 aB-671310-338 adplbBook Well aS1 aThea, Geronimo.14aMouseford academy:bthe secret Invention /cby Thea Stilton ; [illustrations by Barbara Pellizzari ... et al.]. aNew York :bScholasticc2015 a557 BroadwaybNew YorkeNY 10012 a112p.:bcol. ill., c20cm(pb) aMouseford academy- 51 aPellizzari, Barbara eill.